[Event "ISR-ch Women 2018"]
[Site "Ma'alot-Tarshih"]
[Date "2018.12.19"]
[Round "8"]
[White "Ovechkin, Lilia"]
[Black "Shaul Zeidner, Lyad"]
[Result "0-1"]
[WhiteElo "1779"]
[BlackElo "1671"]
[Annotator "NA"]
[PlyCount "119"]
[EventDate "2018.12.12"]
[EventType "swiss"]
[EventCountry "ISR"]
[SourceTitle "playchess.com"]
[Source "ChessBase"]
[SourceQuality "1"]
[TimeControl "40/5400+30:1800+30"]

1. d4 {[%emt 0:00:00]} d5 {[%emt 0:00:00]} 2. Bg5 {[%emt 0:00:00]} Bf5 {[%emt 0:00:23]} 3. e3 {[%emt 0:00:15]} Nf6 {[%emt 0:01:02]} 4. f4 {[%emt 0:00:57]} Nbd7 {[%emt 0:01:59]} 5. Nf3 {[%emt 0:00:51]} h6 {[%emt 0:02:03]} 6. Bh4 {[%emt 0:00:17]} e6 {[%emt 0:00:45]} 7. Ne5 {[%emt 0:01:57]} Be7 {[%emt 0:01:35]} 8. Bf2 {[%emt 0:10:00]} Ne4 {[%emt 0:03:05]} 9. Bg1 {[%emt 0:01:00]} Nxe5 {[%emt 0:03:19]} 10. dxe5 {[%emt 0:07:55]} c6 {[%emt 0:02:03]} 11. Be2 {[%emt 0:08:18]} Qb6 {[%emt 0:05:26]} 12. Qc1 {[%emt 0:01:42]} f6 {[%emt 0:02:45]} 13. exf6 {[%emt 0:12:15]} Bxf6 {[%emt 0:00:36]} 14. c3 {[%emt 0:00:35]} h5 {[%emt 0:01:21]} 15. Nd2 {[%emt 0:01:13]} O-O-O {[%emt 0:04:17]} 16. a4 {[%emt 0:01:07]} a5 {[%emt 0:01:07]} 17. Ra3 {[%emt 0:00:34]} Qc7 {[%emt 0:02:42]} 18. Nxe4 {[%emt 0:05:02]} Bxe4 {[%emt 0:00:48]} 19. Bf3 {[%emt 0:02:24]} Bf5 {[%emt 0:02:21]} 20. Bf2 {[%emt 0:01:29]} e5 {[%emt 0:02:40]} 21. O-O {[%emt 0:01:45]} e4 {[%emt 0:00:50]} 22. Be2 {[%emt 0:01:01]} h4 {[%emt 0:03:12]} 23. b4 {[%emt 0:03:07]} Rdg8 {[%emt 0:03:39]} 24. Qd1 {[%emt 0:06:46]} g6 {[%emt 0:01:53]} 25. b5 {[%emt 0:01:35]} Qd6 {[%emt 0:03:33]} 26. Qb3 {[%emt 0:01:11]} c5 {[%emt 0:02:08]} 27. Rd1 {[%emt 0:00:39]} Rd8 {[%emt 0:01:01]} 28. b6 {[%emt 0:07:48]} c4 {[%emt 0:01:46]} 29. Bxc4 {[%emt 0:00:37]} dxc4 {[%emt 0:00:18]} 30. Qxc4+ {[%emt 0:05:15]} Qc6 {[%emt 0:00:17]} 31. Qxc6+ {[%emt 0:01:46]} bxc6 {[%emt 0:00:02]} 32. Rb1 {[%emt 0:00:28]} Kb7 {[%emt 0:00:15]} 33. c4 {[%emt 0:02:09]} Rd3 {[%emt 0:00:22]} 34. Ra2 {[%emt 0:05:19]} Rhd8 {[%emt 0:01:49]} 35. h3 {[%emt 0:02:51]} Rd1+ {[%emt 0:00:22]} 36. Rxd1 {[%emt 0:00:15]} Rxd1+ {[%emt 0:00:08]} 37. Kh2 {[%emt 0:00:08]} Rc1 {[%emt 0:00:17]} 38. Rd2 {[%emt 0:04:22]} Be7 {[%emt 0:01:48]} 39. g4 {[%emt 0:00:57]} hxg3+ {[%emt 0:00:16]} 40. Bxg3 {[%emt 0:02:18]} Rxc4 {[%emt 0:00:32]} 41. Be1 {[%emt 0:03:20]} Bb4 {[%emt 0:00:48]} 42. Rd1 {[%emt 0:00:08]} Bxe1 43. Rxe1 {[%emt 0:00:02]} Rxa4 {[%emt 0:00:44]} 44. h4 {[%emt 0:01:08]} Kxb6 {[%emt 0:00:28]} 45. Kg3 {[%emt 0:00:57]} c5 {[%emt 0:01:01]} 46. h5 {[%emt 0:01:19]} gxh5 {[%emt 0:00:14]} 47. Kh4 {[%emt 0:00:05]} Ra2 {[%emt 0:01:39]} 48. Kg5 {[%emt 0:01:00]} Bg4 {[%emt 0:00:54]} 49. f5 {[%emt 0:00:15]} Rf2 {[%emt 0:01:32]} 50. f6 {[%emt 0:00:10]} Kc7 {[%emt 0:00:53]} 51. Kg6 {[%emt 0:00:33]} Kd7 {[%emt 0:00:32]} 52. Rb1 {[%emt 0:00:50]} Be6 {[%emt 0:00:41]} 53. Rb5 {[%emt 0:03:04]} Kc6 {[%emt 0:01:15]} 54. Rxa5 {[%emt 0:00:16]} h4 {[%emt 0:01:01]} 55. Ra8 {[%emt 0:02:18]} h3 {[%emt 0:00:40]} 56. Re8 {[%emt 0:00:41]} Kd6 {[%emt 0:00:48]} 57. Rd8+ {[%emt 0:00:23]} Ke5 {[%emt 0:00:50]} 58. Rh8 {[%emt 0:03:00]} Rxf6+ {[%emt 0:00:36]} 59. Kg7 {[%emt 0:01:12]} Rf3 {[%emt 0:00:36]} 60. Rh5+ {[%emt 0:00:18]} 0-1

[Event "ISR-ch Women 2018"]
[Site "Ma'alot-Tarshih"]
[Date "2018.12.19"]
[Round "8"]
[White "Orian, Noga"]
[Black "Lahav, Michal"]
[Result "0-1"]
[WhiteElo "1343"]
[BlackElo "2059"]
[Annotator "NA"]
[PlyCount "82"]
[EventDate "2018.12.12"]
[EventType "swiss"]
[EventCountry "ISR"]
[SourceTitle "playchess.com"]
[Source "ChessBase"]
[SourceQuality "1"]
[TimeControl "40/5400+30:1800+30"]

1. d4 {[%emt 0:00:00]} Nf6 {[%emt 0:00:00]} 2. c4 {[%emt 0:00:00]} c5 {[%emt 0:00:00]} 3. d5 {[%emt 0:00:00]} e6 {[%emt 0:00:20]} 4. Nc3 {[%emt 0:00:00]} d6 {[%emt 0:00:03]} 5. e4 {[%emt 0:00:19]} exd5 {[%emt 0:00:39]} 6. cxd5 {[%emt 0:01:01]} g6 {[%emt 0:00:11]} 7. Bg5 {[%emt 0:00:42]} Bg7 {[%emt 0:00:07]} 8. Nf3 {[%emt 0:00:42]} h6 {[%emt 0:01:37]} 9. Bd2 {[%emt 0:01:39]} O-O {[%emt 0:00:36]} 10. Bd3 {[%emt 0:00:26]} a6 {[%emt 0:02:38] E90: King's Indian: Classical: Early deviations and 6 h3} (10... Bg4 11. h3 Bxf3 12. Qxf3 Nbd7 13. O-O a6 14. Bf4 Qb6 15. Rac1 Nh5 16. Na4 Qa5 17. Nc3 Nxf4 18. Qxf4 {0-1 (36) Hasford,J (2055)-Matamoros Franco,C (2525) Tromsoe 2014}) 11. a4 {[%emt 0:00:11]} Bg4 {[%emt 0:00:03]} 12. Be2 $146 {[%emt 0:08:12]} ({White should try} 12. h3 $14 Bxf3 13. Qxf3) ({Predecessor:} 12. O-O Nbd7 13. Bf4 Qc7 14. h3 Bxf3 15. Qxf3 Rfe8 16. Rfe1 Nh5 17. Bh2 Ne5 18. Qd1 Nxd3 19. Qxd3 Rad8 20. a5 Nf6 21. Qg3 {½-½ (21) Frajka,P (1810)-Kovalenko,V (2165) Liverpool 2011}) 12... Re8 {[%emt 0:03:26]} 13. h3 {[%emt 0:03:32]} Bc8 {[%emt 0:01:03]} 14. Bd3 {[%emt 0:04:44]} Nxe4 {[%emt 0:02:56]} 15. O-O {[%emt 0:05:31]} Nxd2 {[%emt 0:04:39]} 16. Qxd2 {[%emt 0:00:11]} Nd7 {[%emt 0:00:54]} 17. Ne4 {[%emt 0:06:36]} Nf6 {[%emt 0:04:33]} 18. Nxf6+ {[%emt 0:01:49]} Qxf6 {[%emt 0:00:03]} ({Weaker is} 18... Bxf6 19. Qxh6 Bg7 20. Qf4 $15) 19. b4 {[%emt 0:10:28]} Bxh3 {[%emt 0:33:40]} 20. Rab1 {[%emt 0:02:25]} b6 {[%emt 0:02:36]} 21. Rfe1 {[%emt 0:02:54]} Bg4 {[%emt 0:01:53]} 22. Nh2 {[%emt 0:00:33]} Bf5 {[%emt 0:02:17]} 23. bxc5 {[%emt 0:02:13]} bxc5 {[%emt 0:00:30]} 24. Rxe8+ {[%emt 0:02:36]} Rxe8 {[%emt 0:00:03]} 25. Bxf5 {[%emt 0:00:18]} Qxf5 {[%emt 0:00:33]} 26. Rb6 {[%emt 0:00:16]} Re5 {[%emt 0:01:59]} 27. Qc1 {[%emt 0:05:43]} Re2 {[%emt 0:08:23]} 28. f3 {[%emt 0:02:36]} Ra2 {[%emt 0:00:46]} 29. Rb1 {[%emt 0:08:43]} Bd4+ {[%emt 0:03:20]} 30. Kh1 {[%emt 0:00:17]} Qh5 $19 {[%emt 0:00:03]} 31. f4 {[%emt 0:02:31]} Qxd5 {[%emt 0:00:11]} 32. Nf3 {[%emt 0:01:52]} Qh5+ {[%emt 0:00:02]} 33. Nh2 {[%emt 0:00:11]} Qe2 {[%emt 0:02:07]} 34. Qf1 {[%emt 0:00:40]} Qxf1+ {[%emt 0:00:29]} 35. Rxf1 {[%emt 0:00:10]} Rxa4 {[%emt 0:00:04]} 36. Nf3 {[%emt 0:00:21]} Ra1 {[%emt 0:00:03]} 37. Rxa1 {[%emt 0:00:22]} Bxa1 {[%emt 0:00:03]} 38. Nd2 {[%emt 0:00:10]} Bd4 {[%emt 0:00:33]} 39. Nc4 {[%emt 0:00:50]} d5 {[%emt 0:01:10]} 40. Nb6 {[%emt 0:00:20]} a5 {[%emt 0:00:02]} 41. Nxd5 {[%emt 0:30:36]} a4 {[%emt 0:30:05]} 0-1

[Event "ISR-ch Women 2018"]
[Site "Ma'alot-Tarshih"]
[Date "2018.12.20"]
[Round "9"]
[White "Lahav, Michal"]
[Black "Buzukashvili, Sofia"]
[Result "1-0"]
[WhiteElo "2059"]
[BlackElo "1963"]
[Annotator "NA RC"]
[PlyCount "73"]
[EventDate "2018.12.12"]
[EventType "swiss"]
[EventCountry "ISR"]
[SourceTitle "playchess.com"]
[Source "ChessBase"]
[SourceQuality "1"]
[TimeControl "40/5400+30:1800+30"]

{[%evp 12,54,44,40,54,35,32767,32767,51,32,37,37,65,19,103,98,32767,32767,32767,32767,225,182,32767,32767,32767,191,155,196,315,253,32767,32767,32767,32767,408,453,518,32767,581,615,557,683,1033,876,603]} 1. e4 {[%emt 0:00:09]} Nf6 {[%emt 0:00:00]} 2. e5 {[%emt 0:00:14]} Nd5 {[%emt 0:00:00]} 3. d4 {[%emt 0:00:05]} d6 {[%emt 0:00:25]} 4. Nf3 {[%emt 0:00:06]} dxe5 {[%emt 0:02:39]} 5. Nxe5 {[%emt 0:01:52]} c6 {[%emt 0:01:07]} 6. Be2 {[%emt 0:09:28]} g6 {[%emt 0:04:35]} 7. O-O {[%emt 0:00:59]} Bg7 {[%emt 0:00:25]} 8. c4 {[%emt 0:08:40]} Nb6 {[%emt 0:03:09]} 9. Nc3 {[%emt 0:01:23]} O-O {[%emt 0:03:32]} 10. Bf4 {[%emt 0:02:40]} Be6 {[%emt 0:04:47] B04: Alekhine's Defence: 4 Nf3} 11. b3 {[%emt 0:00:25]} N8d7 {[%emt 0:00:29]} 12. Nf3 {[%emt 0:03:00] LiveBook: 3 Games} Nf6 {[%emt 0:09:07]} (12... Bg4 $1 $14) 13. Qd2 {[%emt 0:02:27]} Qe8 $146 {[%emt 0:05:11]} ({Predecessor:} 13... Bg4 14. Rad1 Bxf3 15. Bxf3 Qd7 16. d5 c5 17. Rfe1 Rfe8 18. Nb5 {1-0 (35) Shankland,S (2448)-Nguyen,T Chicago 2009}) 14. Rad1 {[%emt 0:09:46]} Rc8 {[%emt 0:13:03]} 15. Rfe1 {[%emt 0:03:12]} Nfd7 {[%emt 0:11:31]} (15... Bg4 $16 {is a better defense.} 16. h3 Be6) 16. h3 {[%emt 0:06:53]} f6 {[%emt 0:14:16]} 17. Bf1 {[%emt 0:00:42]} Bf7 {[%emt 0:09:37]} 18. Ne4 {[%emt 0:07:53]} Qd8 {[%emt 0:01:41]} 19. a4 {[%emt 0:02:49]} e5 {[%emt 0:02:05]} (19... Na8 $142 20. Bh6 Nc7 21. Bxg7 Kxg7) 20. dxe5 {[%emt 0:05:30]} Nxe5 {[%emt 0:00:41]} 21. Nd6 {[%emt 0:00:09]} Nxf3+ {[%emt 0:01:54]} 22. gxf3 {[%emt 0:00:03]} Rc7 {[%emt 0:01:51]} 23. a5 {[%emt 0:04:06]} Na8 {[%emt 0:01:19]} 24. Qe3 {[%emt 0:06:15]} Qb8 {[%emt 0:03:49]} 25. Nxf7 {[%emt 0:00:43] Pin} Rfxf7 {[%emt 0:00:15]} 26. c5 {[%emt 0:04:49]} Rf8 {[%emt 0:01:32]} 27. Bc4+ {[%emt 0:00:39]} Kh8 $18 {[%emt 0:00:06]} 28. Rd7 {[%emt 0:00:47]} Qc8 {[%emt 0:00:26]} 29. Rdd1 {[%emt 0:02:55]} Qxh3 {[%emt 0:01:55]} 30. Bxc7 {[%emt 0:00:02]} Nxc7 {[%emt 0:00:06]} 31. Qf4 {[%emt 0:01:20]} Qc8 {[%emt 0:00:47]} 32. Re7 {[%emt 0:01:10]} Ne8 {[%emt 0:00:15]} 33. Be6 {[%emt 0:00:26]} Qa8 {[%emt 0:00:20]} 34. Rdd7 {[%emt 0:00:59]} g5 {[%emt 0:00:40]} 35. Qh2 {[%emt 0:00:30]} f5 {[%emt 0:00:58]} 36. Qh6 {[%emt 0:00:52]} Rf6 {[%emt 0:00:58]} 37. Rxg7 {[%emt 0:00:10]} 1-0

[Event "ISR-ch Women 2018"]
[Site "Ma'alot-Tarshih"]
[Date "2018.12.20"]
[Round "9"]
[White "Haitovich, Avital"]
[Black "Efroimski, Marsel"]
[Result "0-1"]
[WhiteElo "1979"]
[BlackElo "2301"]
[Annotator "ChessBase"]
[PlyCount "110"]
[EventDate "2018.12.12"]
[EventType "swiss"]
[EventCountry "ISR"]
[SourceTitle "playchess.com"]
[Source "ChessBase"]
[SourceQuality "1"]
[TimeControl "40/5400+30:1800+30"]

1. Nf3 {[%emt 0:00:00]} d5 {[%emt 0:01:20]} 2. g3 {[%emt 0:00:00]} g6 {[%emt 0:00:04]} 3. Bg2 {[%emt 0:00:00]} Bg7 {[%emt 0:00:02]} 4. O-O {[%emt 0:00:16]} e5 {[%emt 0:00:06]} 5. d3 {[%emt 0:00:36]} Ne7 {[%emt 0:00:05]} 6. e4 {[%emt 0:04:47]} O-O {[%emt 0:00:22]} 7. Nbd2 {[%emt 0:01:10]} Nbc6 {[%emt 0:12:54]} 8. Re1 {[%emt 0:06:38]} d4 {[%emt 0:10:46]} 9. a4 {[%emt 0:14:43]} h6 {[%emt 0:01:19]} 10. Nc4 {[%emt 0:12:16]} Be6 {[%emt 0:02:34]} 11. b3 {[%emt 0:03:05]} a6 {[%emt 0:08:50]} 12. Bd2 {[%emt 0:09:06]} Qd7 {[%emt 0:15:25]} 13. Qc1 {[%emt 0:08:45]} Kh7 {[%emt 0:01:31]} 14. Qa3 {[%emt 0:00:42]} b6 {[%emt 0:11:54]} 15. b4 {[%emt 0:07:25]} b5 {[%emt 0:07:59]} 16. axb5 {[%emt 0:02:48]} axb5 {[%emt 0:00:09]} 17. Na5 {[%emt 0:00:05]} Ra6 {[%emt 0:01:04]} 18. Reb1 {[%emt 0:04:46]} Bg4 {[%emt 0:10:00]} 19. Qb3 {[%emt 0:03:58]} Rfa8 {[%emt 0:06:12]} 20. Qb2 {[%emt 0:03:40]} Nxa5 {[%emt 0:01:17]} 21. Rxa5 {[%emt 0:02:18]} Rxa5 {[%emt 0:01:12]} 22. bxa5 {[%emt 0:00:01]} c6 {[%emt 0:00:18]} 23. Qb4 {[%emt 0:02:11]} Nc8 {[%emt 0:03:47]} 24. Qc5 {[%emt 0:08:28]} Qd6 {[%emt 0:02:09]} 25. Qb4 {[%emt 0:03:15]} Bd7 {[%emt 0:00:28]} 26. Qb3 {[%emt 0:01:01]} Kg8 {[%emt 0:00:21]} 27. Be1 {[%emt 0:00:54]} c5 {[%emt 0:00:21]} 28. Ra1 {[%emt 0:00:29]} Ra6 {[%emt 0:00:38]} 29. Nd2 {[%emt 0:00:21]} Na7 {[%emt 0:00:31]} 30. Qd5 {[%emt 0:00:28]} Qxd5 {[%emt 0:00:40]} 31. exd5 {[%emt 0:00:01]} f5 {[%emt 0:00:16]} 32. Nb3 {[%emt 0:00:21]} Bf8 {[%emt 0:00:09]} 33. Bd2 {[%emt 0:00:47]} c4 {[%emt 0:01:02]} 34. dxc4 {[%emt 0:00:54]} bxc4 {[%emt 0:00:01]} 35. Nc1 {[%emt 0:00:10]} c3 {[%emt 0:00:35]} 36. Be1 {[%emt 0:00:00]} Bb5 {[%emt 0:01:00]} 37. Bf1 {[%emt 0:00:28]} Bxf1 {[%emt 0:00:33]} 38. Kxf1 {[%emt 0:00:02]} Rd6 {[%emt 0:00:25]} 39. f4 {[%emt 0:00:54]} e4 {[%emt 0:00:13]} 40. Ra4 {[%emt 0:01:32]} Rxd5 {[%emt 0:00:10]} 41. Nb3 {[%emt 0:05:34]} Bg7 {[%emt 0:11:06]} 42. Rc4 {[%emt 0:06:33]} d3 {[%emt 0:15:05]} 43. Bxc3 {[%emt 0:13:52]} Bxc3 {[%emt 0:00:08]} 44. Rxc3 {[%emt 0:00:02]} d2 {[%emt 0:00:08]} 45. Nxd2 {[%emt 0:00:04]} Rxd2 {[%emt 0:00:02]} 46. Rc7 {[%emt 0:00:16]} Nb5 {[%emt 0:00:11]} 47. Rc8+ {[%emt 0:03:51]} Kf7 {[%emt 0:02:15]} 48. Rb8 {[%emt 0:02:16]} Nc7 {[%emt 0:04:10]} 49. c4 {[%emt 0:01:57]} Ke7 {[%emt 0:00:21]} 50. Rb7 {[%emt 0:00:33]} Kd7 {[%emt 0:00:26]} 51. a6 {[%emt 0:00:32]} Kc6 {[%emt 0:00:32]} 52. Rb8 {[%emt 0:00:23]} Nxa6 {[%emt 0:00:06]} 53. Rh8 {[%emt 0:00:30]} h5 {[%emt 0:00:24]} 54. Rc8+ {[%emt 0:00:23]} Kb6 {[%emt 0:00:22]} 55. Rg8 {[%emt 0:00:21]} Rd6 {[%emt 0:00:05]} 0-1

[Event "ISR-ch Women 2018"]
[Site "Ma'alot-Tarshih"]
[Date "2018.12.20"]
[Round "9"]
[White "Katkov, Michelle"]
[Black "Ovechkin, Lilia"]
[Result "1-0"]
[WhiteElo "1887"]
[BlackElo "1779"]
[Annotator "NA RC"]
[PlyCount "79"]
[EventDate "2018.12.12"]
[EventType "swiss"]
[EventCountry "ISR"]
[SourceTitle "playchess.com"]
[Source "ChessBase"]
[SourceQuality "1"]
[TimeControl "40/5400+30:1800+30"]

1. e4 {[%emt 0:00:00] Finkel,A} Nf6 {[%emt 0:00:00]} 2. e5 {[%emt 0:00:00]} Nd5 {[%emt 0:00:03]} 3. d4 {[%emt 0:00:00]} d6 {[%emt 0:00:15]} 4. Nf3 {[%emt 0:00:00]} Nb6 {[%emt 0:02:35]} 5. Nc3 {[%emt 0:03:13]} Bg4 {[%emt 0:05:56] B04: Alekhine's Defence: 4 Nf3} 6. h3 {[%emt 0:01:11]} Bf5 {[%emt 0:17:15]} 7. Be3 $146 {[%emt 0:15:12]} ({Predecessor:} 7. Bd3 Bxd3 8. Qxd3 e6 9. exd6 Bxd6 10. Ne4 h6 11. O-O O-O 12. c4 Be7 13. b3 {½-½ (32) Bellini,F (2418)-Varga,Z (2518) Baden 1999 CBM 071 [Finkel,A]}) 7... e6 {[%emt 0:06:02]} 8. Ng5 {[%emt 0:03:48]} (8. exd6 $14 Bxd6 9. Bd3) 8... dxe5 {[%emt 0:11:43]} 9. dxe5 {[%emt 0:00:16]} Qxd1+ {[%emt 0:00:40]} 10. Kxd1 {[%emt 0:01:09]} Nc6 {[%emt 0:05:37]} 11. f4 {[%emt 0:09:49]} Be7 {[%emt 0:05:48]} 12. Nge4 {[%emt 0:04:24]} O-O-O+ {[%emt 0:04:48]} 13. Bd3 {[%emt 0:05:54]} Nc4 {[%emt 0:03:19]} 14. Bc1 {[%emt 0:03:01]} Bb4 {[%emt 0:08:56]} 15. Ke2 {[%emt 0:05:21]} Nd4+ {[%emt 0:11:01]} 16. Kf2 {[%emt 0:02:13]} Nb6 {[%emt 0:02:58]} 17. a4 {[%emt 0:11:49]} Bxc3 {[%emt 0:00:53]} 18. bxc3 {[%emt 0:00:44]} Bxe4 {[%emt 0:02:38]} 19. Bxe4 {[%emt 0:00:43]} Nf5 {[%emt 0:00:31]} 20. Rb1 {[%emt 0:06:15]} ({Better is} 20. g4 $16 Ne7 21. a5) 20... c6 $1 {[%emt 0:00:31]} 21. g4 {[%emt 0:04:40]} Ne7 {[%emt 0:00:20]} 22. a5 {[%emt 0:07:12]} Nbd5 {[%emt 0:00:23]} ({Better is} 22... Na4 $14) 23. Rb3 {[%emt 0:00:12]} Rd7 {[%emt 0:03:22]} (23... f5 $16 {might work better.}) 24. c4 {[%emt 0:01:06]} Nc7 $18 {[%emt 0:00:10]} 25. Ba3 {[%emt 0:01:07]} Na6 {[%emt 0:01:01]} 26. Bd6 {[%emt 0:01:19]} h5 {[%emt 0:01:06]} 27. Rhb1 {[%emt 0:02:21]} hxg4 {[%emt 0:00:28]} 28. hxg4 {[%emt 0:00:01]} f5 {[%emt 0:01:59]} 29. gxf5 {[%emt 0:01:24]} Nxf5 {[%emt 0:00:18]} 30. Bxc6 {[%emt 0:00:53]} Nxd6 {[%emt 0:03:38]} 31. Bxd7+ {[%emt 0:00:06]} Kxd7 {[%emt 0:00:04]} 32. exd6 {[%emt 0:00:08]} Kxd6 {[%emt 0:00:31]} 33. Rxb7 {[%emt 0:01:05]} Rh2+ {[%emt 0:00:04]} 34. Ke3 {[%emt 0:00:54]} Rxc2 {[%emt 0:00:10]} 35. Rxa7 {[%emt 0:00:33]} Nc7 {[%emt 0:00:26]} 36. Rb6+ {[%emt 0:00:37]} Kd7 {[%emt 0:00:08]} 37. Kd3 {[%emt 0:00:13]} Ra2 {[%emt 0:01:47]} 38. Rbb7 {[%emt 0:00:06]} Kd6 {[%emt 0:00:11]} 39. Rxc7 {[%emt 0:00:16]} Rxa5 {[%emt 0:00:06]} 40. Rxa5 {[%emt 0:00:06] Kd5 [%clk 0:00:00] Ke4+} 1-0

[Event "ISR-ch Women 2018"]
[Site "Ma'alot-Tarshih"]
[Date "2018.12.20"]
[Round "9"]
[White "Brusilovski, Lena"]
[Black "Vardi, Shlomit"]
[Result "0-1"]
[WhiteElo "1886"]
[BlackElo "1910"]
[Annotator "NA RC"]
[PlyCount "52"]
[EventDate "2018.12.12"]
[EventType "swiss"]
[EventCountry "ISR"]
[SourceTitle "playchess.com"]
[Source "ChessBase"]
[SourceQuality "1"]
[TimeControl "40/5400+30:1800+30"]

1. e4 {[%emt 0:00:00]} d6 {[%emt 0:00:00]} 2. d4 {[%emt 0:00:00]} g6 {[%emt 0:00:00]} 3. f4 {[%emt 0:01:04]} Bg7 {[%emt 0:00:07]} 4. Nf3 {[%emt 0:00:40]} Nf6 {[%emt 0:02:11]} 5. Bd3 {[%emt 0:02:10]} c5 {[%emt 0:03:37]} 6. c3 {[%emt 0:01:06]} Bg4 {[%emt 0:01:00] B07: Pirc Defence: Miscellaneous Systems} (6... O-O 7. O-O Bg4 8. Be3 Nbd7 9. Nbd2 cxd4 10. cxd4 Rc8 11. h3 Bxf3 12. Qxf3 a6 13. a4 Qb6 14. e5 Ne8 15. Bc4 {1-0 (54) Khairat,A (2211)-Araz,B (2368) Riadh 2017}) 7. O-O {[%emt 0:02:00]} cxd4 {[%emt 0:01:27]} 8. cxd4 {[%emt 0:00:30]} Qb6 {[%emt 0:00:10]} 9. Kh1 {[%emt 0:01:21]} O-O {[%emt 0:00:13]} 10. d5 {[%emt 0:01:25]} Nbd7 {[%emt 0:00:26]} 11. Nc3 {[%emt 0:00:44]} Rac8 $146 {[%emt 0:05:17]} ({Predecessor:} 11... Nc5 12. Na4 Nxa4 13. Qxa4 Rac8 14. h3 Bd7 15. Qa3 {0-1 (58) Saber,S (1847)-Lobato Rivero,C (1999) Madrid 2014}) 12. Qe2 {[%emt 0:02:29]} (12. h3 $5 {[%cal Rh3g4]} Bxf3 13. Rxf3 $11) 12... Nc5 {[%emt 0:00:45]} 13. Be3 {[%emt 0:02:04]} Nfd7 {[%emt 0:01:45]} 14. h3 {[%emt 0:00:24]} Bxf3 {[%emt 0:00:10]} 15. Rxf3 {[%emt 0:00:03]} Qa5 {[%emt 0:01:00]} 16. Bd2 {[%emt 0:00:56]} Nxd3 {[%emt 0:01:31]} 17. Qxd3 {[%emt 0:02:44]} Nc5 {[%emt 0:04:40]} 18. Qf1 {[%emt 0:00:14]} Qb4 $15 {[%emt 0:06:48]} 19. Qe1 {[%emt 0:00:31]} Qxb2 {[%emt 0:10:26]} 20. Rb1 {[%emt 0:00:49]} Qa3 {[%emt 0:00:28]} 21. e5 {[%emt 0:01:38]} Qa6 {[%emt 0:01:30]} 22. Nb5 {[%emt 0:02:02]} Qxa2 {[%emt 0:02:47]} 23. exd6 {[%emt 0:00:57]} exd6 {[%emt 0:00:56]} 24. Nxd6 {[%emt 0:00:08]} Rcd8 {[%emt 0:00:19]} 25. Nxb7 {[%emt 0:01:42]} Nxb7 {[%emt 0:02:29]} 26. Rxb7 {[%emt 0:03:35]} Qxd5 {[%emt 0:00:14]} 0-1

[Event "ISR-ch Women 2018"]
[Site "Ma'alot-Tarshih"]
[Date "2018.12.20"]
[Round "9"]
[White "Levitan, Ronit"]
[Black "Shvayger, Yuliya"]
[Result "0-1"]
[WhiteElo "1875"]
[BlackElo "2393"]
[Annotator "TA"]
[PlyCount "86"]
[EventDate "2018.12.12"]
[EventType "swiss"]
[EventCountry "ISR"]
[SourceTitle "playchess.com"]
[Source "ChessBase"]
[SourceQuality "1"]

{[%evp 12,86,17,0,62,55,48,40,67,70,70,71,80,21,19,2,0,0,0,0,41,12,0,-242,-236,-236,-231,-229,-236,-232,-228,-253,-275,-279,-302,-307,-261,-245,-216,-276,-274,-316,-316,-322,-245,-259,-240,-243,-241,-253,-254,-384,-376,-367,-310,-349,-236,-492,-476,-1278,-1133,-1206,-1161,-12538,-12046,-29968,-29970,-29970,-29971,-29971,-29972,-29972,-29973,-29976,-29976,-29960,-5113]} 1. e4 c5 2. c3 d6 3. d4 Nf6 4. Bd3 g6 5. Nf3 Bg7 6. d5 O-O 7. O-O {LiveBook: 6 Games} b5 {B06: Modern Defence} (7... e6 $11) (7... Bg4 8. Nbd2 Nbd7 9. h3 Ne5 10. Be2 Nxf3+ 11. Nxf3 Bd7 12. e5 dxe5 13. Nxe5 Bf5 14. Bf3 Be4 15. Ng4 Bxf3 16. Nxf6+ Bxf6 17. Qxf3 {1-0 (37) Sokolov,I (2650)-Kasimdzhanov,R (2700) Dubai 2014}) 8. Nbd2 $146 ({Predecessor:} 8. Qe2 c4 9. Bc2 Bg4 10. h3 Bxf3 11. Qxf3 Nbd7 12. Be3 Qc7 13. Nd2 Nc5 14. Qe2 Rab8 15. Rab1 {½-½ (39) Kuritsyn,D-Volodin,I (1986) Penza 2006}) 8... a6 9. a4 bxa4 {White is slightly better.} 10. Qxa4 e6 11. dxe6 Bxe6 12. e5 (12. Nc4 $16) 12... dxe5 $11 13. Nxe5 Ng4 14. Nxg4 Qxd3 15. Nf3 Nd7 16. Rd1 Qb5 17. h3 $2 (17. Nh6+ $11 Bxh6 18. Qxb5 (18. Bxh6 Qxa4 19. Rxa4 Bb3 $11) 18... axb5 19. Bxh6) 17... Qxa4 $19 18. Rxa4 Bb3 {[%mdl 64] [#] Double Attack} 19. Rxd7 {And now Ra5 would win.} Bxa4 20. Rc7 Rfc8 21. Re7 Kf8 22. Re4 Bc6 23. Rf4 Bxf3 24. Rxf3 Rc6 25. Kf1 h5 26. Ne3 Bh6 27. Ke2 Rb8 28. g4 hxg4 29. hxg4 Re6 30. Rh3 Bxe3 31. Rxe3 (31. Bxe3 $142 Rxb2+ 32. Kd3) 31... Rxe3+ 32. Kxe3 {[%mdl 4096] Endgame KR-KB} Ke7 33. Ke4 Ke6 34. f4 $2 (34. Kd3) 34... Rd8 35. Be3 (35. f5+ $142 gxf5+ 36. gxf5+ Kf6 37. Bh6) 35... f5+ 36. Kf3 Kd5 37. gxf5 gxf5 38. b4 c4 {Black mates.} 39. Bd4 Rd7 40. Bf6 Rh7 41. Be5 Rh3+ 42. Kf2 Ke4 43. Kg2 Rf3 {Accuracy: White = 33%, Black = 69%.} (43... Rh4 $142 44. Kg1 Rg4+ 45. Kh2 Rxf4 46. Bf6 Rg4 47. Bd4 Kd3 48. Be5 f4 49. Kh3 f3 50. Kxg4 f2 51. Kg5 f1=Q 52. Bd4 Qf8 53. Kg4 Ke4 54. Kg5 {[#]} Qxb4 $1 {[%mdl 512]} 55. Bf6 Qb5+ 56. Kh6 a5 57. Be7 Qe5 58. Bd8 Qd6+ 59. Kg7 Qxd8 60. Kg6 Qe7 61. Kh5 Kf5 62. Kh6 a4 63. Kh5 Qh7#) 0-1